European City to Country #1 - Statistics

General Stats
  • This quiz has been taken 36 times
  • The average score is 29 of 36
Answer Stats
Hint Answer % Correct
Paris France
100%
Rome Italy
100%
St. Petersburg Russia
100%
Madrid Spain
100%
London United Kingdom
100%
Athens Greece
97%
Reykjavik Iceland
97%
Lisbon Portugal
97%
Stuttgart Germany
94%
Cork Ireland
94%
Rotterdam Netherlands
94%
Krakow Poland
94%
Glasgow United Kingdom
94%
Riga Latvia
88%
Bucharest Romania
88%
Geneva Switzerland
88%
Antwerp Belgium
85%
Montpelier France
85%
Palermo Italy
85%
Ljubljana Slovenia
85%
Thessaloniki Greece
82%
Parma Italy
79%
Gothenburg Sweden
79%
Bergen Norway
76%
Lviv Ukraine
76%
Graz Austria
73%
Innsbruck Austria
73%
Zaragoza Spain
73%
Odesa Ukraine
70%
Lodz Poland
64%
Varna Bulgaria
48%
Pula Croatia
48%
Voronezh Russia
45%
Oulu Finland
42%
Ostrava Czech Republic
39%
Herning Denmark
36%
No matching quizzes found
Score Distribution
Percent of People with Each Score
Percentile by Number Answered
Your Score History
You have not taken this quiz